| 000 | 00422nam a22001817a 4500 | ||
|---|---|---|---|
| 003 | OSt | ||
| 005 | 20260519145827.0 | ||
| 008 | 260519b |||||||| |||| 00| 0 eng d | ||
| 040 | _cAL | ||
| 041 | _hEng | ||
| 082 | _a494.50 VAMK | ||
| 100 |
_aDR.Vamana Nandavara _9264133 |
||
| 245 | _aKoti Chennayya | ||
| 260 |
_aMangalore _bHemashu prakashana _c2001 |
||
| 300 | _a420 p | ||
| 650 | _2Kannada | ||
| 942 |
_2ddc _cBED |
||
| 999 |
_c241447 _d241447 |
||